Music Quiz

Random Music or Lyrics Quiz

Sung Titles: David Bowie Quiz Stats

 Plays Quiz Updated Jan 20, 2013

Also try: David Bowie Albums
Challenge
Share
Tweet
Embed
Score 0/30 Timer 06:00
5 Plays Today
% Correct
Heroes
86.1%
Starman
85.8%
Golden Years
81.3%
Let's Dance
79.6%
Life on Mars?
77.6%
Rebel Rebel
77.3%
Ashes to Ashes
74.4%
China Girl
72.1%
Be My Wife
71.1%
Suffragette City
70.8%
The Jean Genie
70.7%
Diamond Dogs
69.7%
The Man Who Sold the World
68.9%
Modern Love
67.7%
Changes
65.8%
% Correct
Fame
65.6%
Absolute Beginners
64.5%
Fashion
61.9%
Oh! You Pretty Things
61.7%
D.J.
61.2%
Moonage Daydream
57.1%
Rock 'n' Roll Suicide
53.4%
Beauty and the Beast
52.4%
Five Years
50.6%
Sound and Vision
50.5%
Blue Jean
45.7%
TVC 15
43.9%
Drive-In Saturday
43.4%
John, I'm Only Dancing
39.8%
Panic in Detroit
31.8%

You're not logged in!

Compare scores with friends on all Sporcle quizzes.
OR
Log In

You Might Also Like...

Show Comments

Extras

Top Quizzes Today


Score Distribution

Your Account Isn't Verified!

In order to create a playlist on Sporcle, you need to verify the email address you used during registration. Go to your Sporcle Settings to finish the process.

Report this User

Report this user for behavior that violates our Community Guidelines.

Details: